Aragorn's Speech - Statistics

General Stats
  • This quiz has been taken 23 times
  • The average score is 71 of 91
Answer Stats
Answer % Correct
I
100%
I
100%
of
100%
of
100%
of
100%
of
100%
of
100%
of
100%
of
100%
of
100%
the
100%
the
100%
The
100%
the
100%
the
100%
the
100%
we
100%
we
100%
An
94%
and
94%
and
94%
day
94%
day.
94%
day!
94%
day
94%
Gondor,
94%
me.
94%
men
94%
men
94%
Men
94%
that
94%
that
94%
this
94%
this
94%
This
94%
this
94%
fight!
88%
not
88%
not
88%
Rohan,
88%
you
88%
but
82%
but
82%
come
82%
heart
82%
in
82%
is
82%
is
82%
my
82%
West!
82%
brothers.
76%
eyes
76%
fear
76%
it
76%
it
76%
may
76%
see
76%
when
76%
when
76%
when
76%
would
76%
your
76%
our
71%
same
71%
fails;
65%
forsake
65%
friends
65%
stand
65%
take
65%
all
59%
all
59%
bonds
59%
break
59%
courage
59%
on
59%
shields;
59%
bid
53%
fellowship;
53%
dear
47%
good
47%
hold
47%
shattered
47%
Sons
47%
comes
41%
crashing
41%
down;
41%
Earth.
41%
hour
41%
wolves
41%
age
35%
By
29%
No matching quizzes found
Score Distribution
Percent of People with Each Score
Percentile by Number Answered
Your Score History
You have not taken this quiz